| 000 | 00602nam a2200193 i 4500 | ||
|---|---|---|---|
| 001 | 8436 | ||
| 003 | ES-MaACL | ||
| 005 | 20230906145445.0 | ||
| 007 | t| | ||
| 008 | 920617s1989 sp ||||1| spa d | ||
| 080 | _a86-14"19" | ||
| 080 | _a86(Mercado,E.M.7 V.01) | ||
| 100 | 1 |
_aMercado, Enrique M. _980432 |
|
| 245 | 1 | 0 |
_aVersos a la luz de una vela / _cEnrique M. Mercado. |
| 260 |
_aLeganés : _bAyuntamiento, Delegación de Cultura, _cD.L. 1989. |
||
| 300 |
_a67 p. : _bil. ; _c20 cm. |
||
| 710 | 1 |
_aLeganés. Ayuntamiento. _bDelegación de Cultura. _95492 |
|
| 852 |
_aES-MaACL _jL-15772 _bR.120490 |
||
| 999 |
_c8436 _d8436 |
||